Normal view
MARC view
Entry Personal Name
001 - CONTROL NUMBER
- control field: 4341
003 - CONTROL NUMBER IDENTIFIER
- control field: BD-RjUL
005 - DATE AND TIME OF LATEST TRANSACTION
- control field: 20220808150833.0
008 - FIXED-LENGTH DATA ELEMENTS
- fixed length control field: 220808|| aca||aabn | a|a d
040 ## - CATALOGING SOURCE
- Original cataloging agency: BD-RjUL
- Transcribing agency: BD-RjUL
100 ## - HEADING--PERSONAL NAME
- Personal name: Abdus Salam
- Dates associated with a name: 1929-1974
670 ## - SOURCE DATA FOUND
- Source citation: Work cat.: (BD-RjUL)80189: Abdus Salam 1929-1974, author., Islami K̲h̲ut̤bāt